000
00332nam a2200145Ia 4500
008
230718s9999 xx 000 0 und d
041
_a
Eng.
082
_a
604
_b
PIN-I
100
_a
Pine, Jusie
245
0
_a
International Investment
260
_a
Pakistan
_b
Than wiley Sons
_c
2001
300
_a
236
650
_a
Law
999
_c
26131
_d
26131